|
|
|
|
| LEADER |
00000nab a2200000 ar4500 |
| 001 |
vtls010072191 |
| 003 |
SK-MaSNL |
| 005 |
20260426104609.0 |
| 008 |
100305c1977 xo ar|p|||| |000 b|slo |
| 015 |
|
|
|a SNBRA2010/03
|
| 038 |
|
|
|a SVKPOCL
|
| 040 |
|
|
|a SVKPO
|b slo
|c SVKPO
|e AACR2
|
| 041 |
0 |
|
|a slo
|
| 044 |
|
|
|a xo
|c SK
|
| 080 |
|
|
|a 80(=161.2)+908(477)
|2 2001
|
| 080 |
|
|
|a 353.9
|2 2001
|
| 080 |
|
|
|a (437.6)
|2 2001
|
| 100 |
1 |
|
|a Hricík, Michal
|4 aut
|9 1006334
|
| 245 |
1 |
0 |
|a 30 slobodnýchj rokov budovania Staroľubovnianskeho okresu
|c Michal Hricík
|
| 246 |
1 |
3 |
|a Tridsať slobodnýchj rokov budovania Staroľubovnianskeho okresu
|
| 650 |
0 |
7 |
|a ukrajinistika
|2 svkpocl
|9 51200
|
| 650 |
0 |
7 |
|a rozvoj okresu
|2 svkpocl
|9 1218515
|
| 650 |
0 |
7 |
|a územná samospráva
|2 svkpocl
|9 802
|
| 651 |
|
7 |
|a Slovensko východné
|2 svkpocl
|9 161134
|
| 651 |
|
7 |
|a Stará Ľubovňa (Slovensko : okres)
|2 svkpocl
|9 19196
|
| 655 |
|
7 |
|a články
|2 svkpocl
|9 70601
|
| 773 |
0 |
|
|t Naukovyj zbirnyk Muzeju ukrajins'koji kul'tury u Svydnyku. 8. = Vedecký zborník Múzea ukrajinskej kultúry vo Svidníku. 8
|d Prešov : Slovenské pedagogické nakladateľstvo - odbor ukrajinskej literatúry, 1977
|g S. 357-362
|
| 852 |
|
|
|a a SVKPO
|b KIS3GCP
|
| 958 |
|
|
|a UK
|
| 958 |
|
|
|a SK
|
| 999 |
|
|
|c 3322849
|d 3324779
|